[Event "41st IT Bosna 2011"]
[Site "Sarajevo"]
[Date "2011.05.08"]
[Round "5.1"]
[White "Saric, Ivan"]
[Black "Melkumyan, Hrant"]
[Result "1-0"]
[WhiteElo "2637"]
[BlackElo "2580"]
[PlyCount "125"]
[EventDate "2011.05.03"]

1. e4 e5 2. Nf3 Nc6 3. Bb5 a6 4. Ba4 Nf6 5. O-O Be7 6. Re1 b5 7. Bb3 O-O 8. c3
d5 9. exd5 Nxd5 10. Nxe5 Nxe5 11. Rxe5 c6 12. d4 Bd6 13. Re1 Qh4 14. g3 Qh3 15.
Re4 g5 16. Qf1 Qh5 17. Nd2 Bf5 18. f3 Nf6 19. Qg2 Qg6 20. Re3 Rae8 21. Ne4 Nxe4
22. g4 Ng3 23. hxg3 Bd3 24. Qd2 Rxe3 25. Qxe3 Bxg3 26. Qxg5 Re8 27. Be3 Qxg5
28. Bxg5 Kg7 29. Kg2 Bd6 30. Rd1 f6 31. Bc1 Bc2 32. Rf1 Bd3 33. Rf2 Re1 34. Bc2
Rxc1 35. Bxd3 c5 36. dxc5 Bxc5 37. Rd2 Rg1+ 38. Kh2 Ra1 39. b3 Kh6 40. Kg3 Kg7
41. Bf5 Rc1 42. Rd7+ Kf8 43. Rxh7 Bd6+ 44. Kg2 Ra1 45. Kf2 Be5 46. c4 Bf4 47.
Ke2 bxc4 48. bxc4 Rxa2+ 49. Kd3 Rd2+ 50. Ke4 Be5 51. Be6 Rd4+ 52. Ke3 Rd1 53.
Bd5 a5 54. Ke4 Bd4 55. Rd7 Bf2 56. Rf7+ Ke8 57. Rxf6 Bc5 58. Ra6 Ra1 59. g5 Kf8
60. f4 a4 61. f5 Re1+ 62. Kd3 Be3 63. Ra8+ 1-0

[Event "41st IT Bosna 2011"]
[Site "Sarajevo"]
[Date "2011.05.08"]
[Round "5.4"]
[White "Parligras, Mircea-Emilian"]
[Black "Popovic, Dusan"]
[Result "1-0"]
[WhiteElo "2626"]
[BlackElo "2553"]
[PlyCount "53"]
[EventDate "2011.05.03"]

1. d4 Nf6 2. c4 g6 3. Nc3 Bg7 4. e4 d6 5. Nf3 O-O 6. h3 e5 7. d5 Nh5 8. Nh2 a5
9. Be2 Nf4 10. Bf3 Na6 11. Be3 f5 12. h4 Nb4 13. Kf1 Nfd3 14. a3 Nxb2 15. Qe2
N4d3 16. Rb1 Qxh4 17. g3 Qf6 18. Bc1 Nxc1 19. Rxc1 fxe4 20. Nxe4 Bh3+ 21. Kg1
Qf5 22. Qxb2 h5 23. Qe2 Bh6 24. Rc3 Qf7 25. Nf1 Bf5 26. g4 hxg4 27. Bxg4 1-0

[Event "41st IT Bosna 2011"]
[Site "Sarajevo"]
[Date "2011.05.08"]
[Round "5.5"]
[White "Djukic, Nikola"]
[Black "Saric, Ibro"]
[Result "0-1"]
[WhiteElo "2486"]
[BlackElo "2549"]
[PlyCount "76"]
[EventDate "2011.05.03"]

1. e4 e5 2. Nf3 Nc6 3. Bb5 a6 4. Ba4 Nf6 5. O-O Be7 6. Re1 b5 7. Bb3 d6 8. c3
O-O 9. h3 a5 10. d4 a4 11. Bc2 Bd7 12. d5 Na5 13. Na3 c5 14. dxc6 Bxc6 15. Bd3
Nc4 16. Nc2 Qc7 17. Nb4 Bb7 18. Qe2 Rfc8 19. a3 Nd7 20. Be3 Nc5 21. Bxc5 Qxc5
22. Rad1 Bd8 23. Bb1 Ba5 24. Nd5 Re8 25. Nh4 Re6 26. Ba2 g6 27. Nf3 Bd8 28. Nh2
Kh8 29. Nf1 f5 30. Nfe3 Rc8 31. exf5 gxf5 32. Qh5 Nxe3 33. Nxe3 Rg6 34. Qxf5
Bh4 35. Rd2 Bg5 36. Qd7 Bxg2 37. Bb1 Rg7 38. Qxd6 Bxe3 0-1

[Event "41st IT Bosna 2011"]
[Site "Sarajevo"]
[Date "2011.05.08"]
[Round "5.8"]
[White "Fauland, Alexander"]
[Black "Sebenik, Matej"]
[Result "0-1"]
[WhiteElo "2478"]
[BlackElo "2524"]
[PlyCount "56"]
[EventDate "2011.05.03"]

1. c4 Nf6 2. g3 g6 3. Bg2 Bg7 4. Nc3 O-O 5. e4 d6 6. Nge2 c5 7. d3 Nc6 8. O-O
a6 9. h3 Rb8 10. a4 Ne8 11. Be3 Nc7 12. d4 cxd4 13. Nxd4 Ne6 14. Nde2 Nc5 15.
Rb1 Nb4 16. Nd5 Nxd5 17. cxd5 Bd7 18. Bxc5 dxc5 19. f4 Qa5 20. b3 b5 21. axb5
Bxb5 22. Rf3 Qb4 23. e5 f6 24. Re3 fxe5 25. Re4 Bxe2 26. Qxe2 Qc3 27. Re3 Qd4
28. fxe5 Bh6 0-1

[Event "41st IT Bosna 2011"]
[Site "Sarajevo"]
[Date "2011.05.08"]
[Round "5.10"]
[White "Milanovic, Danilo"]
[Black "Bejtovic, Jasmin"]
[Result "1-0"]
[WhiteElo "2494"]
[BlackElo "2413"]
[PlyCount "139"]
[EventDate "2011.05.03"]

1. d4 Nf6 2. c4 g6 3. Nc3 Bg7 4. e4 d6 5. Bd3 O-O 6. Nge2 Nbd7 7. O-O c5 8. d5
Ne5 9. f4 Nxd3 10. Qxd3 a6 11. a4 Rb8 12. h3 Ne8 13. f5 Nf6 14. Bd2 Nd7 15. Qg3
Ne5 16. b3 Bd7 17. a5 b5 18. axb6 Rxb6 19. Nc1 Qb8 20. Ra3 Qc8 21. Ra2 Qb8 22.
Nd1 Re8 23. Ba5 Rb7 24. Raf2 Bh6 25. Bd2 Bxd2 26. Rxd2 a5 27. Ne3 a4 28. bxa4
Rb2 29. Rdf2 Rxf2 30. Qxf2 Qb4 31. Ne2 Qd2 32. Ng4 Nxg4 33. hxg4 Bxa4 34. e5
Rf8 35. f6 exf6 36. exd6 Re8 37. Ng3 Qd3 38. Kh2 Qxc4 39. Qxf6 Qxg4 40. Qxf7+
Kh8 41. Qf6+ Kg8 42. Qf7+ Kh8 43. Rf4 Qd7 44. Qxd7 Bxd7 45. Rf7 Rd8 46. Ne4 Bf5
47. Nf6 g5 48. d7 Bg6 49. Re7 c4 50. Re8+ Bxe8 51. dxe8=Q+ Rxe8 52. Nxe8 c3 53.
d6 c2 54. d7 c1=Q 55. d8=Q Qf4+ 56. Kg1 Qc1+ 57. Kf2 Qf4+ 58. Ke2 Qe4+ 59. Kd1
Qg4+ 60. Kc1 Qc4+ 61. Kd2 Qb4+ 62. Kd3 Qb3+ 63. Ke4 Qc2+ 64. Ke5 Qc5+ 65. Ke6
Qe3+ 66. Kf7 Qb3+ 67. Kf8 Qb4+ 68. Nd6 Qf4+ 69. Nf7+ Qxf7+ 70. Kxf7# 1-0

[Event "41st IT Bosna 2011"]
[Site "Sarajevo"]
[Date "2011.05.08"]
[Round "5.11"]
[White "Rapport, Richard"]
[Black "Lupulescu, Constantin"]
[Result "0-1"]
[WhiteElo "2552"]
[BlackElo "2638"]
[PlyCount "99"]
[EventDate "2011.05.03"]

1. Nf3 c5 2. c4 Nf6 3. g3 d5 4. d4 dxc4 5. Qa4+ Nc6 6. dxc5 e6 7. Bg2 Bxc5 8.
O-O O-O 9. Qxc4 Be7 10. Nc3 Qb6 11. a3 Bd7 12. Be3 Na5 13. Qa2 Bc5 14. Bg5
Bxf2+ 15. Rxf2 Ng4 16. Raf1 Rac8 17. h3 Nxf2 18. Rxf2 Nc4 19. e4 h6 20. Bf4
Rfd8 21. Bf1 Nxb2 22. Be5 Na4 23. Bd4 Qc7 24. Nxa4 Bxa4 25. Qb2 f6 26. Kh2 b6
27. Ba6 Rb8 28. Qa2 Re8 29. Bc4 Bd7 30. Bb3 Qb7 31. Qb1 Bc6 32. e5 f5 33. Qxf5
Bd5 34. Qd3 Bxb3 35. Qxb3 Rbd8 36. Be3 Qd5 37. Qxd5 Rxd5 38. Rd2 Rxd2+ 39. Bxd2
Rd8 40. Bb4 Rd3 41. Kg2 a5 42. Bd6 b5 43. Kf2 b4 44. axb4 a4 45. Ke2 Rc3 46.
Bc5 a3 47. Bd4 Rb3 48. Ne1 Rxb4 49. Nc2 Rb3 50. Kf2 0-1

[Event "41st IT Bosna 2011"]
[Site "Sarajevo"]
[Date "2011.05.08"]
[Round "5.13"]
[White "Esen, Baris"]
[Black "Kurajica, Bojan"]
[Result "1/2-1/2"]
[WhiteElo "2553"]
[BlackElo "2531"]
[PlyCount "106"]
[EventDate "2011.05.03"]

1. d4 Nf6 2. c4 e6 3. Nf3 Bb4+ 4. Nbd2 O-O 5. a3 Bxd2+ 6. Qxd2 d6 7. e3 Qe7 8.
b4 a5 9. Bb2 axb4 10. axb4 Rxa1+ 11. Bxa1 Ne4 12. Qc2 f5 13. Be2 Nc6 14. b5 Nd8
15. Nd2 Nf6 16. O-O Nf7 17. Bb2 c6 18. bxc6 bxc6 19. c5 d5 20. f4 Ng4 21. Qc3
Bd7 22. h3 Nf6 23. Ra1 Rb8 24. Ra7 g5 25. Qc1 Kh8 26. Bc3 Rg8 27. Qe1 Qf8 28.
Qg3 Qb8 29. Ra1 Rg6 30. Kf2 Qg8 31. Qh2 g4 32. hxg4 Nh6 33. Qh4 Nhxg4+ 34. Bxg4
Nxg4+ 35. Kf3 Qe8 36. Ba5 Rg8 37. Bc7 Qg6 38. g3 Be8 39. Ra7 Rg7 40. Bb8 Rxa7
41. Bxa7 Qh5 42. Qxh5 Bxh5 43. Nb3 Nf6+ 44. Kg2 Be2 45. Na5 Bb5 46. Nb7 Ng4 47.
Kf3 Kg7 48. Bb6 Ba4 49. Ke2 Bb5+ 50. Kf3 Kf8 51. Bd8 Ke8 52. Bh4 Kd7 53. Nd6
Ba6 1/2-1/2

[Event "41st IT Bosna 2011"]
[Site "Sarajevo"]
[Date "2011.05.08"]
[Round "5.15"]
[White "Nezad, Husein Aziz"]
[Black "Perunovic, Milos"]
[Result "0-1"]
[WhiteElo "2433"]
[BlackElo "2578"]
[PlyCount "110"]
[EventDate "2011.05.03"]

1. d4 Nf6 2. c4 c5 3. d5 b5 4. Nf3 g6 5. cxb5 a6 6. e3 Bg7 7. Nc3 O-O 8. a4 Bb7
9. Be2 axb5 10. Bxb5 Na6 11. O-O e6 12. e4 exd5 13. exd5 Nb4 14. Ne5 Re8 15.
Nd3 Qc8 16. Be3 Nfxd5 17. Nxd5 Nxd5 18. Bxc5 Bxb2 19. Nxb2 Qxc5 20. Nd3 Qd4 21.
Qf3 Rab8 22. Rae1 Rxe1 23. Rxe1 Nc3 24. Qg3 Rc8 25. h3 d6 26. Kh2 Nxb5 27. axb5
Qd5 28. b6 Qd4 29. Qe3 Qxe3 30. Rxe3 Rc6 31. Re8+ Kg7 32. Rb8 Rxb6 33. Nf4 Rb5
34. Rd8 Rb4 35. Kg3 g5 36. Ne2 Ba6 37. Ng1 Rd4 38. Nf3 Rd5 39. h4 h6 40. hxg5
hxg5 41. Ng1 Bf1 42. Nh3 Rd3+ 43. Kh2 f6 44. Kg1 Be2 45. f3 Rd1+ 46. Kf2 Bc4
47. g4 Kf7 48. Rc8 Bf1 49. Ng1 Bb5 50. Rb8 Bc4 51. Rc8 d5 52. Rc6 Rd2+ 53. Ke3
Rg2 54. Nh3 Re2+ 55. Kd4 Rh2 0-1

[Event "41st IT Bosna 2011"]
[Site "Sarajevo"]
[Date "2011.05.08"]
[Round "5.16"]
[White "Kovacevic, Aleksandar"]
[Black "Kanmazalp, Ogulcan"]
[Result "1-0"]
[WhiteElo "2575"]
[BlackElo "2404"]
[PlyCount "105"]
[EventDate "2011.05.03"]

1. c4 Nf6 2. Nc3 g6 3. g3 Bg7 4. Bg2 O-O 5. e4 d6 6. Nge2 c5 7. O-O Nc6 8. d3
Ne8 9. Be3 Nd4 10. Rb1 a5 11. a3 a4 12. Bd2 Nb3 13. Be3 Nd4 14. Bd2 Nb3 15. Be1
Bd7 16. Nd5 e6 17. Ne3 Bc6 18. Bc3 Nd4 19. Nc2 Nxc2 20. Qxc2 e5 21. Bd2 Nc7 22.
f4 f5 23. fxe5 dxe5 24. Nc3 Ne6 25. Nd5 Nd4 26. Qd1 Bxd5 27. cxd5 Qd6 28. Be3
fxe4 29. Bxe4 Qd7 30. Qd2 b6 31. Kg2 Rxf1 32. Rxf1 Rf8 33. Rxf8+ Bxf8 34. Qd1
Bd6 35. h4 Nf5 36. Bg5 Ng7 37. Qe2 Be7 38. Bd2 Nf5 39. h5 Kg7 40. Bc1 Nd4 41.
Qd1 Bf8 42. Bg5 h6 43. Be3 g5 44. Bxd4 exd4 45. Qf3 Bd6 46. Bf5 Qe7 47. Be6 Qf6
48. Qe4 Be5 49. Bd7 Bxg3 50. Kxg3 Qd6+ 51. Kf2 Qh2+ 52. Ke1 Qg1+ 53. Kd2 1-0

[Event "41st IT Bosna 2011"]
[Site "Sarajevo"]
[Date "2011.05.08"]
[Round "5.17"]
[White "Dumpor, Atif"]
[Black "Lafuente, Pablo"]
[Result "1-0"]
[WhiteElo "2383"]
[BlackElo "2555"]
[PlyCount "75"]
[EventDate "2011.05.03"]

1. c4 Nf6 2. Nf3 e6 3. g3 d5 4. Bg2 dxc4 5. Qa4+ Nbd7 6. O-O a6 7. Qxc4 b5 8.
Qc2 Bb7 9. d3 c5 10. Nc3 Rc8 11. a4 Qb6 12. axb5 axb5 13. Bg5 Nd5 14. Nxd5 Bxd5
15. e4 Bc6 16. Ra2 Bd6 17. Rfa1 O-O 18. Ra6 Qb8 19. e5 Bxf3 20. Bxf3 Nxe5 21.
Be4 f6 22. Bf4 Rfe8 23. Ra8 Qc7 24. R8a7 Qd8 25. Rb7 Re7 26. Rxb5 f5 27. Bg2 h6
28. Ra6 Bb8 29. Rxb8 Rxb8 30. Bxe5 Rc8 31. Qc4 Qd7 32. h4 Kh7 33. h5 Ree8 34.
Rb6 Qf7 35. Bf3 Re7 36. Kg2 Rd8 37. Bd6 Red7 38. Qxc5 1-0

[Event "41st IT Bosna 2011"]
[Site "Sarajevo"]
[Date "2011.05.08"]
[Round "5.19"]
[White "Kruskic, Mirsad"]
[Black "Ivanisevic, Ivan"]
[Result "0-1"]
[WhiteElo "2216"]
[BlackElo "2648"]
[PlyCount "58"]
[EventDate "2011.05.03"]

1. c4 b6 2. Nc3 Bb7 3. d4 e6 4. a3 Nf6 5. Bg5 h6 6. Bh4 c5 7. d5 exd5 8. cxd5
d6 9. e4 Be7 10. Bg3 O-O 11. Bd3 Nbd7 12. f4 a6 13. h3 b5 14. Nf3 b4 15. Na4 c4
16. Bb1 Nh5 17. Kf2 Nxg3 18. Kxg3 a5 19. Kh2 Re8 20. Qc2 Rc8 21. e5 Nf8 22. Rd1
dxe5 23. Nxe5 Bd6 24. Nxc4 Bxf4+ 25. g3 Bxg3+ 26. Kxg3 Qg5+ 27. Kh2 Qf4+ 28.
Kg2 Rxc4 29. Qf2 Qg5+ 0-1

[Event "41st IT Bosna 2011"]
[Site "Sarajevo"]
[Date "2011.05.08"]
[Round "5.20"]
[White "Smeets, Jan"]
[Black "Bucan, Eldin"]
[Result "1-0"]
[WhiteElo "2647"]
[BlackElo "2177"]
[PlyCount "63"]
[EventDate "2011.05.03"]

1. e4 e5 2. Nf3 Nf6 3. Nxe5 d6 4. Nf3 Nxe4 5. d4 d5 6. Bd3 Nc6 7. O-O Be7 8.
Re1 O-O 9. Bxe4 dxe4 10. Rxe4 Bf5 11. Re1 Nb4 12. Na3 c5 13. Be3 Bf6 14. c3 Nd3
15. Re2 cxd4 16. Bxd4 Nf4 17. Rd2 Qc8 18. Bxf6 gxf6 19. Qa4 Ng6 20. Nc4 Be6 21.
Ne3 Kg7 22. Rad1 Qc5 23. Nd4 Bc8 24. Ndf5+ Bxf5 25. Rd5 Qb6 26. Nxf5+ Kh8 27.
Rd6 Qxb2 28. Qd4 Ne5 29. Qh4 Nf3+ 30. gxf3 Qxc3 31. Qxf6+ Qxf6 32. Rxf6 1-0

[Event "41st IT Bosna 2011"]
[Site "Sarajevo"]
[Date "2011.05.08"]
[Round "5.21"]
[White "Yilmaz, Mustafa"]
[Black "Bandic, Adnan"]
[Result "1-0"]
[WhiteElo "2489"]
[BlackElo "2210"]
[PlyCount "113"]
[EventDate "2011.05.03"]

1. d4 f5 2. Nf3 Nf6 3. g3 g6 4. Bg2 Bg7 5. O-O O-O 6. c4 c6 7. d5 d6 8. Nc3
cxd5 9. cxd5 Na6 10. Be3 Bd7 11. Bd4 b5 12. a3 Qc7 13. Nd2 Rac8 14. e3 Qb8 15.
b4 Rc7 16. Nb3 Rfc8 17. Rc1 Kh8 18. Na5 e5 19. dxe6 Bxe6 20. Qd2 d5 21. Qb2 Kg8
22. Nxb5 Rxc1 23. Rxc1 Rxc1+ 24. Qxc1 Qxb5 25. Bf1 Qa4 26. Bxa6 Ne4 27. Bxg7
Kxg7 28. Be2 Bd7 29. f3 Nf6 30. Bd1 Qb5 31. Kf2 g5 32. Be2 Qa4 33. Nb7 g4 34.
Nc5 Qc6 35. Qc3 Kf7 36. Qd4 Bc8 37. Ke1 h5 38. Kd2 Qc7 39. Qf4 Qb6 40. Qd4 Qc7
41. Qf4 Qb6 42. Bd3 a5 43. fxg4 axb4 44. Qxb4 Qc7 45. gxf5 h4 46. Ne6 Bxe6 47.
fxe6+ Kxe6 48. Qxh4 Qb8 49. Qb4 Qh8 50. h4 Qg7 51. Qb6+ Ke5 52. Qd4+ Ke6 53.
Qb6+ Ke5 54. a4 Qg4 55. Qd4+ Qxd4 56. exd4+ Kxd4 57. a5 1-0

[Event "41st IT Bosna 2011"]
[Site "Sarajevo"]
[Date "2011.05.08"]
[Round "5.22"]
[White "Slingerland, Fred"]
[Black "Hajdarevic, Samir"]
[Result "1-0"]
[WhiteElo "2415"]
[BlackElo "2143"]
[PlyCount "81"]
[EventDate "2011.05.03"]

1. e4 e5 2. Nf3 Nc6 3. Bb5 a6 4. Bxc6 dxc6 5. O-O Bg4 6. h3 Bh5 7. g4 Bg6 8.
Nxe5 Bd6 9. Nxg6 hxg6 10. Qf3 Qh4 11. Kg2 Bf4 12. Nc3 Ne7 13. Ne2 g5 14. d4 Ng6
15. Bxf4 gxf4 16. Rh1 Qg5 17. Kf1 O-O-O 18. Rd1 c5 19. c3 Rd6 20. Rc1 Rf6 21.
e5 Re6 22. Re1 Rb6 23. b3 cxd4 24. cxd4 Rc6 25. Qe4 Kb8 26. f3 Rd8 27. Kf2 Qh4+
28. Kg2 Rh8 29. d5 Rc5 30. b4 Rb5 31. a4 Rb6 32. Nxf4 Nxf4+ 33. Qxf4 Qe7 34.
Re4 Qd7 35. a5 Rb5 36. d6 cxd6 37. exd6 Rd5 38. Rd4 g5 39. Qf6 Qe6 40. Qxh8+
Ka7 41. Rxd5 1-0

[Event "41st IT Bosna 2011"]
[Site "Sarajevo"]
[Date "2011.05.08"]
[Round "5.23"]
[White "Kozarcanin, Sead"]
[Black "Trkulja, Goran"]
[Result "1-0"]
[WhiteElo "2131"]
[BlackElo "2379"]
[PlyCount "103"]
[EventDate "2011.05.03"]

1. e4 c6 2. d3 d5 3. Nd2 g6 4. Ngf3 Bg7 5. c3 Nf6 6. Be2 O-O 7. O-O Na6 8. Qc2
Nc5 9. Rd1 a5 10. Nf1 Qc7 11. Ng3 b6 12. e5 Ng4 13. d4 Ne6 14. h3 Nh6 15. c4
Ba6 16. Ng5 Qd7 17. cxd5 Bxe2 18. Nxe2 cxd5 19. a4 Rfc8 20. Nc3 Rc4 21. Nxe6
Qxe6 22. Qd3 Nf5 23. Ne2 Qc6 24. g4 Nh6 25. Be3 f6 26. b3 Rc2 27. Rac1 Rc8 28.
exf6 exf6 29. Rxc2 Qxc2 30. Qxc2 Rxc2 31. Nf4 f5 32. g5 Nf7 33. Nxd5 Nd6 34.
Nxb6 Ne4 35. Nd5 Kf7 36. h4 Ke6 37. Nf4+ Kd6 38. Kg2 Nc3 39. Rd3 Nd5 40. Kf3
Nb4 41. Rd1 Rc3 42. h5 Nd5 43. hxg6 Nxf4 44. Kxf4 hxg6 45. Rb1 Kd5 46. b4 Bf8
47. bxa5 Bd6+ 48. Kf3 f4 49. a6 fxe3 50. fxe3 Rc8 51. Rb6 Rc6 52. e4+ 1-0

[Event "41st IT Bosna 2011"]
[Site "Sarajevo"]
[Date "2011.05.08"]
[Round "5.24"]
[White "Bistric, Faruk"]
[Black "Alihodzic, Muzafer"]
[Result "0-1"]
[WhiteElo "2376"]
[BlackElo "2109"]
[PlyCount "98"]
[EventDate "2011.05.03"]

1. e4 c6 2. d4 d5 3. Nc3 dxe4 4. Nxe4 Nd7 5. Ne2 Ndf6 6. N2g3 g6 7. Bc4 Bg7 8.
c3 Nd5 9. Qb3 b6 10. O-O e6 11. Bg5 f6 12. Bd2 Nge7 13. Rfe1 O-O 14. Rad1 h6
15. Bc1 Qc7 16. Bf1 f5 17. Nd2 b5 18. Nf3 Bd7 19. Bd2 a5 20. Ne2 g5 21. Nc1 Ng6
22. Nd3 Rae8 23. Qc2 Re7 24. b3 Nf6 25. Bc1 Ne4 26. Ba3 Nd6 27. Nc5 Bc8 28. g3
Rd8 29. Bg2 Ree8 30. Re2 g4 31. Ne1 h5 32. Bc1 Bf6 33. Ned3 h4 34. Nf4 h3 35.
Bh1 Nf8 36. Rde1 Kf7 37. Nfd3 b4 38. c4 Bxd4 39. Bb2 Bxb2 40. Qxb2 Ng6 41. Ne5+
Nxe5 42. Qxe5 Qb6 43. Nd3 Nxc4 44. bxc4 Rxd3 45. c5 Qd8 46. Bxc6 Re7 47. Re3
Rd2 48. Qf4 Qc7 49. Re5 Qxc6 0-1

[Event "41st IT Bosna 2011"]
[Site "Sarajevo"]
[Date "2011.05.08"]
[Round "5.25"]
[White "Orehek, Spela"]
[Black "Kadric, Denis"]
[Result "0-1"]
[WhiteElo "2017"]
[BlackElo "2376"]
[PlyCount "88"]
[EventDate "2011.05.03"]

1. e4 c5 2. Nf3 d6 3. Bb5+ Nd7 4. d4 Ngf6 5. Nc3 a6 6. Bxd7+ Nxd7 7. O-O e6 8.
dxc5 Nxc5 9. Bg5 Qc7 10. a4 h6 11. Be3 b6 12. Re1 Be7 13. Nd4 Bb7 14. Qg4 Bf6
15. Rad1 h5 16. Qh3 O-O 17. f3 g6 18. b4 Nd7 19. Nce2 Rfe8 20. c3 Nf8 21. Rd3
d5 22. exd5 Bxd5 23. Qg3 Qe7 24. Qf2 Nd7 25. Nf4 Bb7 26. Nc2 Ne5 27. Rdd1 Bh4
28. Qe2 Bxe1 29. Rxe1 Qc7 30. Bd4 Nc6 31. Nd5 Nxd4 32. Nxc7 Nxe2+ 33. Rxe2 Rec8
34. Nxa8 Bxa8 35. Re3 Bc6 36. a5 Ba4 37. Na3 bxa5 38. bxa5 Rc5 39. Re4 Rxa5 40.
Nc4 Rc5 41. Nb6 Bb3 42. Re3 a5 43. c4 a4 44. Rc3 Ra5 0-1

[Event "41st IT Bosna 2011"]
[Site "Sarajevo"]
[Date "2011.05.08"]
[Round "5.26"]
[White "Kislik, Erik Andrew"]
[Black "Yurtseven, Melih"]
[Result "1/2-1/2"]
[WhiteElo "2347"]
[BlackElo "2050"]
[PlyCount "62"]
[EventDate "2011.05.03"]

1. e4 c5 2. Nf3 d6 3. d4 cxd4 4. Nxd4 Nf6 5. Nc3 a6 6. Be2 e5 7. Nb3 Be7 8. O-O
Be6 9. Be3 O-O 10. Nd5 Nxd5 11. exd5 Bf5 12. Qd2 Nd7 13. Rac1 a5 14. c4 a4 15.
Na1 Nc5 16. Nc2 Re8 17. Rfd1 Qc7 18. Na3 Bg6 19. Nb5 Qc8 20. Kh1 b6 21. f3 Qd7
22. Rc3 Bf6 23. Ra3 e4 24. f4 Nd3 25. Nd4 Bxd4 26. Bxd4 b5 27. cxb5 Qxb5 28. f5
Bxf5 29. Qg5 Bg6 30. Bxd3 exd3 31. Qg3 d2 1/2-1/2

[Event "41st IT Bosna 2011"]
[Site "Sarajevo"]
[Date "2011.05.08"]
[Round "5.27"]
[White "Sutkovic, Damir"]
[Black "Tucakovic, Mario"]
[Result "1-0"]
[WhiteElo "2320"]
[BlackElo "2005"]
[PlyCount "41"]
[EventDate "2011.05.03"]

1. d4 Nf6 2. Nf3 e6 3. c4 Bb4+ 4. Bd2 Bxd2+ 5. Nbxd2 d5 6. e3 O-O 7. Rc1 b6 8.
cxd5 exd5 9. Qc2 c6 10. Ne5 Bb7 11. Bd3 Qd6 12. Ndf3 Rc8 13. Ng5 Qb4+ 14. Kd1
Rc7 15. Bxh7+ Kf8 16. Bg6 Ne4 17. Bxe4 dxe4 18. Qxe4 Qd6 19. Qf4 Na6 20. Ngxf7
Qf6 21. Nd6 1-0

[Event "41st IT Bosna 2011"]
[Site "Sarajevo"]
[Date "2011.05.08"]
[Round "5.28"]
[White "Kamberovic, Senad"]
[Black "Koksal, Ege"]
[Result "1-0"]
[WhiteElo "2272"]
[BlackElo "2004"]
[PlyCount "89"]
[EventDate "2011.05.03"]

1. d4 d5 2. Nf3 Nf6 3. Bf4 e6 4. e3 Bd6 5. Bg3 O-O 6. Bd3 b6 7. Ne5 Bb7 8. Bh4
Be7 9. Nd2 Nbd7 10. f4 Ne4 11. Bxe7 Qxe7 12. Bxe4 dxe4 13. Nxd7 Qxd7 14. O-O
Rfd8 15. Qh5 c5 16. c3 cxd4 17. exd4 Rac8 18. Rfe1 f5 19. Nf1 b5 20. a3 a5 21.
Ne3 b4 22. axb4 axb4 23. Rac1 Rc7 24. Red1 bxc3 25. bxc3 Rdc8 26. c4 Ba6 27. d5
Qd6 28. dxe6 Qxe6 29. Qxf5 Qxf5 30. Nxf5 Rf8 31. Ne3 Rb7 32. Rd6 Rb3 33. Rxa6
Rxe3 34. Ra2 Rd3 35. g3 e3 36. Re2 Rfd8 37. Kg2 Rc8 38. Kf3 Rd4 39. Rec2 Rd3
40. Ke2 Ra3 41. Rc3 Ra2+ 42. R1c2 Ra1 43. Rxe3 Kf7 44. c5 Ra5 45. Re5 1-0

[Event "41st IT Bosna 2011"]
[Site "Sarajevo"]
[Date "2011.05.08"]
[Round "5.31"]
[White "Vojinovic, Jovana"]
[Black "Solak, Dragan"]
[Result "0-1"]
[WhiteElo "2305"]
[BlackElo "2588"]
[PlyCount "86"]
[EventDate "2011.05.03"]

1. Nf3 g6 2. d4 Bg7 3. c4 d6 4. e4 e5 5. Bg5 f6 6. Be3 Nh6 7. dxe5 dxe5 8.
Qxd8+ Kxd8 9. h3 Nf7 10. Nc3 c6 11. c5 Be6 12. Nd2 Ke7 13. Bc4 Rd8 14. Bxe6
Kxe6 15. Ke2 Bh6 16. Bxh6 Nxh6 17. a3 Nf7 18. b4 Nd7 19. Nb3 b6 20. h4 bxc5 21.
bxc5 f5 22. f3 Nf6 23. Rhd1 Rxd1 24. Rxd1 Rd8 25. Rg1 Nh5 26. g3 Rb8 27. Nd2
Rb2 28. Kd3 Nd8 29. Na4 Ra2 30. Nc3 Rxa3 31. exf5+ gxf5 32. Nc4 Rb3 33. Re1 Nf7
34. g4 fxg4 35. fxg4 Nf4+ 36. Kc2 Rb4 37. Na5 Nd5 38. Ne4 Ne7 39. g5 Ra4 40.
Nb7 Nf5 41. h5 Nd4+ 42. Kd3 Nf3 43. Rf1 Rd4+ 0-1

[Event "41st IT Bosna 2011"]
[Site "Sarajevo"]
[Date "2011.05.08"]
[Round "5.32"]
[White "Arat, Ufuk Sezen"]
[Black "Abergel, Thal"]
[Result "0-1"]
[WhiteElo "2053"]
[BlackElo "2506"]
[PlyCount "72"]
[EventDate "2011.05.03"]

1. e4 c5 2. Nc3 e6 3. g3 d5 4. d3 d4 5. Nce2 Nc6 6. Bg2 Nf6 7. h3 Be7 8. f4 Qc7
9. Nf3 O-O 10. O-O Rd8 11. g4 c4 12. g5 cxd3 13. cxd3 Nh5 14. Nh2 e5 15. f5 Bd6
16. Bf3 Nf4 17. Nxf4 exf4 18. a3 Bd7 19. Bh5 Rac8 20. Qb3 g6 21. Ng4 gxh5 22.
Nh6+ Kh8 23. Qxf7 Rf8 24. Qxh5 Be8 25. g6 Ne5 26. Bxf4 Nxg6 27. Bxd6 Qxd6 28.
fxg6 Qg3+ 29. Kh1 Bxg6 30. Qg4 Qxd3 31. Nf5 Rce8 32. Rae1 Qb5 33. h4 Qe5 34. h5
Bf7 35. h6 Bg6 36. Qg3 Rxf5 0-1

[Event "41st IT Bosna 2011"]
[Site "Sarajevo"]
[Date "2011.05.08"]
[Round "5.33"]
[White "Stojanovic, Dalibor"]
[Black "Nestorovic, Lazar"]
[Result "1/2-1/2"]
[WhiteElo "2503"]
[BlackElo "2419"]
[PlyCount "71"]
[EventDate "2011.05.03"]

1. e4 e5 2. Nf3 Nc6 3. Bb5 a6 4. Ba4 Nf6 5. O-O b5 6. Bb3 Be7 7. Re1 O-O 8. a4
Bb7 9. d3 d6 10. Nbd2 Na5 11. Ba2 c5 12. Nf1 Bc8 13. Bd2 bxa4 14. Ne3 Rb8 15.
Bxa5 Qxa5 16. Nd2 Qc7 17. Ndc4 a3 18. bxa3 Be6 19. Qd2 Nd7 20. Qc3 Bg5 21. Bb3
Bxe3 22. Nxe3 Nb6 23. Rab1 Rfc8 24. Qa5 Nd5 25. Qxc7 Nxc7 26. Bxe6 fxe6 27. Nc4
Ne8 28. Kf1 Kf7 29. Ke2 Ke7 30. Kd2 Kd8 31. Rf1 Rxb1 32. Rxb1 Kc7 33. Rf1 Nf6
34. h3 Nd7 35. f4 Rf8 36. g3 1/2-1/2

[Event "41st IT Bosna 2011"]
[Site "Sarajevo"]
[Date "2011.05.08"]
[Round "5.34"]
[White "Djukic, Sandra"]
[Black "Firat, Burak"]
[Result "1/2-1/2"]
[WhiteElo "2202"]
[BlackElo "2380"]
[PlyCount "71"]
[EventDate "2011.05.03"]

1. d4 Nf6 2. c4 c6 3. Nc3 d5 4. cxd5 cxd5 5. Bf4 Nc6 6. e3 a6 7. Bd3 Bg4 8. Qb3
Na5 9. Qa4+ b5 10. Qc2 e6 11. f3 Bh5 12. Nge2 Be7 13. O-O O-O 14. b3 Rc8 15.
Qb2 Qb6 16. Bg3 Nc6 17. Bf2 Nb4 18. Bb1 Bg6 19. Bxg6 hxg6 20. Rfd1 a5 21. Rac1
Qa6 22. Nf4 g5 23. Nh3 Nd7 24. Qe2 Ra8 25. Qxb5 Qxb5 26. Nxb5 Nxa2 27. Rc7 Rfd8
28. Ra1 Nb4 29. Bg3 Kf8 30. Na7 Nc2 31. Rc1 Nb4 32. Ra1 Nc2 33. Rc1 Nb4 34. Ra1
Nc2 35. Rc1 Nb4 36. Ra1 1/2-1/2

[Event "41st IT Bosna 2011"]
[Site "Sarajevo"]
[Date "2011.05.08"]
[Round "5.35"]
[White "Rasidovic, Sead"]
[Black "Vukmirovic, Dusan"]
[Result "1-0"]
[WhiteElo "2380"]
[BlackElo "2087"]
[PlyCount "93"]
[EventDate "2011.05.03"]

1. e4 c5 2. Nf3 Nc6 3. d4 cxd4 4. Nxd4 Nf6 5. Nc3 e6 6. Ndb5 Bb4 7. a3 Bxc3+ 8.
Nxc3 d5 9. exd5 exd5 10. Bg5 O-O 11. Be2 d4 12. Ne4 Qa5+ 13. b4 Qe5 14. Nxf6+
gxf6 15. Bd2 Re8 16. f4 Qb5 17. Kf2 Qb6 18. Bd3 f5 19. Qh5 Ne7 20. Rhe1 Qg6 21.
Qf3 Be6 22. Re5 Rad8 23. Rae1 Nc6 24. R5e2 a6 25. Kg1 Re7 26. Qh3 Red7 27. Rf1
Ne7 28. Rf3 Qf6 29. Rg3+ Ng6 30. Qh6 Qg7 31. Qxg7+ Kxg7 32. h4 Kh6 33. h5 Ne7
34. Rg5 Rg8 35. g4 Rdd8 36. a4 Rxg5 37. fxg5+ Kg7 38. h6+ Kg6 39. Re5 Rd6 40.
Bf4 Rc6 41. b5 axb5 42. Rxb5 b6 43. Bd2 f6 44. Bb4 Bc4 45. Bxe7 Bxb5 46. axb5
Rc7 47. Bxf6 1-0

[Event "41st IT Bosna 2011"]
[Site "Sarajevo"]
[Date "2011.05.08"]
[Round "5.36"]
[White "Besirevic, Jasmin"]
[Black "Mrndjic, Muamer"]
[Result "0-1"]
[WhiteElo "1967"]
[BlackElo "2182"]
[PlyCount "84"]
[EventDate "2011.05.03"]

1. Nf3 d5 2. d4 Nf6 3. Bg5 Ne4 4. Bf4 Bf5 5. Nh4 Bd7 6. Nf3 e6 7. e3 c5 8. dxc5
Bxc5 9. Be2 O-O 10. O-O Qb6 11. Qc1 Nc6 12. c3 Rac8 13. Nbd2 a5 14. Nxe4 dxe4
15. Ne5 Rfd8 16. Qc2 Nxe5 17. Bxe5 Bc6 18. Rad1 Rd5 19. Bd4 Bxd4 20. Rxd4 Rxd4
21. exd4 Bd5 22. a3 Qxd4 23. Rd1 Qc5 24. Qd2 a4 25. Qd4 Qxd4 26. Rxd4 Bc6 27.
Bd1 Ra8 28. Bc2 f5 29. Kf1 Kf8 30. Ke2 Ke7 31. g3 g5 32. g4 b5 33. gxf5 exf5
34. Ke3 Ke6 35. Bb1 Ke5 36. Ba2 f4+ 37. Ke2 g4 38. Rb4 Rd8 39. c4 e3 40. fxe3
Bf3+ 41. Kf2 Rd2+ 42. Ke1 fxe3 0-1